[Event "Kharkov Caissa CC-ch"]
[Site "Kharkov"]
[Date "2001.04.27"]
[Round "10"]
[White "Iljin, Stanislav"]
[Black "Tsepotan, Artiom"]
[Result "1-0"]
[WhiteElo "2384"]
[BlackElo "2416"]
[PlyCount "71"]
[EventDate "2001.04.18"]
[EventType "tourn"]
[EventRounds "11"]
[EventCountry "UKR"]
[SourceTitle "CBM 082 Extra"]
[Source "ChessBase"]
[SourceDate "2001.07.03"]
[SourceVersion "1"]
[SourceVersionDate "2001.07.03"]
[SourceQuality "1"]

1. d4 d5 2. c4 c6 3. Nf3 Nf6 4. Nc3 dxc4 5. a4 Bf5 6. g3 Nbd7 7. Bg2 e6 8. 0-0 a5 9. Nh4 Bg4 10. h3 Bh5 11. g4 Nd5 12. e4 Nxc3 13. bxc3 Qxh4 14. gxh5 Nf6 15. Rb1 Rb8 16. Qf3 Nxh5 17. Qg4 Be7 18. Bf3 g6 19. Qxh4 Bxh4 20. Bxh5 gxh5 21. Bf4 Ra8 22. Rxb7 0-0 23. Bd6 Rfd8 24. e5 f5 25. Kg2 Kh8 26. Kf3 Rg8 27. Rfb1 Bg5 28. R1b6 Rac8 29. Ra6 Rg7 30. Rxg7 Kxg7 31. Rxa5 Bd2 32. Bb4 Bg5 33. Ra7+ Kg6 34. a5 Bd8 35. a6 Rb8 36. Rb7 1-0

[Event "UKR-ch U20"]
[Site "Kharkov"]
[Date "1998.??.??"]
[Round "?"]
[White "Belichev, Nikolai"]
[Black "Tsepotan, Artiom"]
[Result "1/2-1/2"]
[WhiteElo "2370"]
[BlackElo "2320"]
[PlyCount "101"]
[EventDate "1998.??.??"]
[EventType "tourn"]
[EventRounds "11"]
[EventCountry "UKR"]
[EventCategory "2"]
[SourceTitle "EXT 2002"]
[Source "ChessBase"]
[SourceDate "2001.11.25"]
[SourceVersion "1"]
[SourceVersionDate "2001.11.25"]
[SourceQuality "1"]

1. d4 d5 2. Nf3 Nf6 3. c4 c6 4. e3 Bf5 5. Nc3 e6 6. Be2 Nbd7 7. Nh4 Be4 8. Nxe4 dxe4 9. g3 Be7 10. f3 0-0 11. 0-0 c5 12. fxe4 Nxe4 13. Nf3 Qc7 14. Qc2 Nef6 15. b3 Rad8 16. Bb2 cxd4 17. exd4 b5 18. Bd3 bxc4 19. bxc4 Bd6 20. Rae1 h6 21. Qe2 Qb7 22. Bb1 Rfe8 23. c5 Be7 24. Qc2 Nf8 25. Ne5 Rd5 26. Re3 Rc8 27. Rb3 Qa8 28. c6 Bd6 29. Rb7 Qxb7 30. cxb7 Rxc2 31. Ba3 Rb2 32. Bxb2 Rb5 33. Nc4 Bc7 34. Ba3 Rxb7 35. Ne5 Bb6 36. Bc5 N8d7 37. Nxd7 Nxd7 38. Bxb6 Rxb6 39. Rc1 g6 40. Bd3 Rd6 41. Rc7 Rxd4 42. Bb5 Ne5 43. Rxa7 Rd2 44. a4 Nf3+ 45. Kf1 Nxh2+ 46. Ke1 Nf3+ 47. Kf1 h5 48. a5 g5 49. a6 g4 50. Rc7 Nh2+ 51. Ke1 1/2-1/2

[Event "UKR-ch U20"]
[Site "Kharkov"]
[Date "1998.??.??"]
[Round "?"]
[White "Manojlo, Mikhail"]
[Black "Tsepotan, Artiom"]
[Result "0-1"]
[WhiteElo "2185"]
[BlackElo "2320"]
[PlyCount "82"]
[EventDate "1998.??.??"]
[EventType "tourn"]
[EventRounds "11"]
[EventCountry "UKR"]
[EventCategory "2"]
[SourceTitle "EXT 2002"]
[Source "ChessBase"]
[SourceDate "2001.11.25"]
[SourceVersion "1"]
[SourceVersionDate "2001.11.25"]
[SourceQuality "1"]

1. e4 c5 2. c3 Nf6 3. e5 Nd5 4. d4 cxd4 5. Nf3 Nc6 6. cxd4 d6 7. exd6 Qxd6 8. Nc3 g6 9. Bc4 Nb6 10. Bb3 Bg7 11. 0-0 0-0 12. d5 Na5 13. Bg5 Nxb3 14. Qxb3 Bg4 15. Nd2 Bf5 16. Rad1 h6 17. Bh4 Rac8 18. Rfe1 g5 19. Bg3 Qd7 20. h4 Bd3 21. hxg5 hxg5 22. Nf3 Qf5 23. Qa3 Nc4 24. Qb4 a5 25. Qb5 Nxb2 26. Qxb2 Bxc3 27. Qxb7 Bxe1 28. Rxe1 Be4 29. Qxe7 Rfe8 30. Nd4 Qxd5 31. Qf6 Qd8 32. Be5 Qxf6 33. Bxf6 Bd5 34. Ra1 Rc4 35. f3 Kh7 36. Rb1 Kg6 37. Rb6 Be6 38. Be5 Rc5 39. f4 gxf4 40. Bxf4 Kg7 41. a3 Rd5 0-1

[Event "UKR-ch U20"]
[Site "Kharkov"]
[Date "1998.??.??"]
[Round "?"]
[White "Tsepotan, Artiom"]
[Black "Eljanov, Pavel"]
[Result "1/2-1/2"]
[WhiteElo "2320"]
[BlackElo "2310"]
[PlyCount "109"]
[EventDate "1998.??.??"]
[EventType "tourn"]
[EventRounds "11"]
[EventCountry "UKR"]
[EventCategory "2"]
[SourceTitle "EXT 2002"]
[Source "ChessBase"]
[SourceDate "2001.11.25"]
[SourceVersion "1"]
[SourceVersionDate "2001.11.25"]
[SourceQuality "1"]

1. d4 Nf6 2. c4 g6 3. Nc3 d5 4. cxd5 Nxd5 5. e4 Nxc3 6. bxc3 Bg7 7. Nf3 c5 8. Rb1 0-0 9. Be2 b6 10. 0-0 Bb7 11. d5 Bxc3 12. Bc4 Bg7 13. Qd3 Nd7 14. Bf4 Nf6 15. Rfe1 Kh8 16. h3 e6 17. d6 Nd7 18. Bg3 a6 19. a4 Bc6 20. Bxa6 Bxa4 21. Bc4 Bc6 22. e5 Ra4 23. Ra1 Rxa1 24. Rxa1 Bxf3 25. Qxf3 Nxe5 26. Bxe5 Bxe5 27. Ra7 Bxd6 28. Rxf7 Rxf7 29. Qxf7 Qe7 30. Qf3 Kg7 31. g3 Be5 32. Qe4 Qd6 33. Kg2 Kf6 34. Qh4+ Kg7 35. Qg4 Qc6+ 36. Kh2 Bd4 37. Bxe6 Bxf2 38. Bc4 Bd4 39. Qe2 Qf6 40. Kg2 Qc6+ 41. Kh2 Qd6 42. Kg2 Be5 43. Qe3 Bf6 44. Qd3 Qxd3 45. Bxd3 Kf7 46. Kf3 Ke6 47. Ke4 Kd6 48. Bb5 Be5 49. g4 Bf6 50. Bc4 h6 51. g5 hxg5 52. Bb5 Bg7 53. Kd3 Kd5 54. Ba6 Kc6 55. Bc4 1/2-1/2

[Event "UKR-ch U20"]
[Site "Kharkov"]
[Date "1998.??.??"]
[Round "?"]
[White "Tsepotan, Artiom"]
[Black "Korobov, Anton"]
[Result "0-1"]
[WhiteElo "2320"]
[BlackElo "2165"]
[PlyCount "93"]
[EventDate "1998.??.??"]
[EventType "tourn"]
[EventRounds "11"]
[EventCountry "UKR"]
[EventCategory "2"]
[SourceTitle "EXT 2002"]
[Source "ChessBase"]
[SourceDate "2001.11.25"]
[SourceVersion "1"]
[SourceVersionDate "2001.11.25"]
[SourceQuality "1"]

1. e4 c5 2. c3 d5 3. exd5 Qxd5 4. d4 Nf6 5. Nf3 e6 6. Be2 Nc6 7. 0-0 Be7 8. c4 Qd8 9. dxc5 Qxd1 10. Rxd1 Bxc5 11. Nc3 0-0 12. a3 Ng4 13. Ne4 Be7 14. h3 Nf6 15. Nd6 e5 16. Nxc8 Raxc8 17. b4 e4 18. Nd4 Nxd4 19. Rxd4 b6 20. Be3 h6 21. Bf4 Rfe8 22. Rad1 Bf8 23. Kf1 g5 24. Bd6 Bxd6 25. Rxd6 Kg7 26. a4 e3 27. fxe3 Rxe3 28. Bd3 Ne4 29. Rd7 a5 30. bxa5 bxa5 31. Re1 Nd2+ 32. Kf2 Rxe1 33. Kxe1 Nxc4 34. Ra7 Nb2 35. Bb5 Rc5 36. Kd2 Kf6 37. Be8 Nc4+ 38. Kd3 Nd6 39. Bd7 Ke5 40. Ra8 Rd5+ 41. Ke2 f5 42. Bc6 Rc5 43. Bd7 h5 44. Kf2 Ne4+ 45. Kg1 Kf4 46. Bb5 Rc1+ 47. Kh2 0-1